| 000 | 00786nam a2200253Ia 4500 | ||
|---|---|---|---|
| 003 | OSt | ||
| 005 | 20221006155240.0 | ||
| 006 | a|||||r|||| 00| 0 | ||
| 007 | ta | ||
| 008 | 221006b |||||||| |||| 00| 0 eng d | ||
| 024 | _a41,292 | ||
| 037 | _cSeries Articles | ||
| 040 |
_aEASL _cEASL _beng |
||
| 041 |
_2eng _aeng |
||
| 100 |
_aLin Wanlong _9668707 |
||
| 245 | 0 |
_aAre beijing's eqealization policies reaching poor? _b An analysis of direct subsidis under the three rurals (sannong) |
|
| 260 |
_aCanberra _bAustralian National University Australia _c2012 |
||
| 300 |
_a23-46p. _ccm. |
||
| 490 | _v67 | ||
| 650 | _aPolitics Law and Society | ||
| 700 |
_a Wong Christine _9668708 |
||
| 942 |
_cREF _2CC |
||
| 999 |
_c1109378 _d1109378 |
||